Ensayos de crítica literaria : año 1983 /

Guardado en:
Formato: Libro
Publicado: Buenos Aires : De Belgrano, 1983
Materias:
Etiquetas: Agregar Etiqueta
Sin Etiquetas, Sea el primero en etiquetar este registro!
LEADER 01016nam a22002055a 4500
001 CEM.cems000251
005 20060209000000.0
008 130507s1983##################000#0#####d
003 CEMS
082 0 4 |a 808 
245 0 0 |a Ensayos de crítica literaria :  |b año 1983 / 
260 |a Buenos Aires :  |b De Belgrano,  |c 1983 
300 |a 417 p. 
500 |a Premios Coca Cola en las artes y las ciencias 
504 |a Contiene bibliografía 
505 0 |a La mujer simbólica en la narrativa de Leopoldo Marechal / María Rosa Lojo de Beuter -- La temporalidad en la poesía de Carlos Bousoño / María C. Aróstegui -- Macedonio Fernández: relaciones textuales más-hedónicas / Ana Camblong -- Etapa palabra inútil : un ensayo sobre Ricardo E. Molinari / Ricardo Herrera -- Marco Denevi : la soledad y sus disfraces / Cristina Piña -- 
653 |a Crítica literaria 
653 |a Literatura 
859 |a CEMS  |b BIB. CEMS - 11 de abril  |h 808  |i En76  |p 13324.85  |t Ej.1 
859 |a CEMS  |b BIB. CEMS - 11 de abril  |h 808  |i En76  |p 13707.85  |t Ej.2